000 00646nam a2200241Ia 4500
003 OSt
005 20221007071644.0
006 a|||||r|||| 00| 0
007 ta
008 221006b |||||||| |||| 00| 0 eng d
024 _a43,293
037 _cTextual
040 _aFLL
_cFLL
_beng
041 _2eng
_aeng
082 _aZ3,26740bV:8, Q5
100 _aPadfied Tim
_9689152
245 0 _aCopyright for archivists and records managers
250 _a5th
260 _aLondon
_bFacet publishing
_c2015
300 _a360 xvii
_ccm.
942 _hZ3,26740bV:8, Q5
_cTEXL
_2CC
999 _c1143897
_d1143897